000 00594nam a2200145 a 4500
008 101026s1981 ||||||||||||||||| || u
050 _aZSI(08)ZS
110 _aZambian Standards Institute (ZSI)
245 1 0 _aLabelling of prepackaged foods part 1: general guidelines
260 _aLusaka
_bZambian Standards Institute (ZSI)
_c1981
300 _aii, 5p.
350 _a0.00
650 _aFOOD--LABELLING--LAW AND LEGISLATION--ZAMBIA
995 _D0.00
_FCBU-MAIN LIBRARY (Kitwe)
_H1
_I0.00
_M1
_UAVAILABLE
_WOct 26, 2010
_ZZambiana Collection
999 _c48701
_d48701